000
00267nam a2200109Ia 4500
008
201216s9999 xx 000 0 und d
100
_a
Trivedi, H. M.
245
0
_a
Indian Shipping In Perspective
260
_a
New Delhi
_b
Vikas Publishing
300
_a
540
942
_c
BK
999
_c
6276
_d
6276